|
|
|
|
| LEADER |
00000ny a22000003n 4500 |
| 005 |
20110519135232.0 |
| 008 |
110201s2004 mx 000 0 spa d |
| 020 |
|
|
|a 9789706651921
|
| 035 |
|
|
|a 5282
|
| 040 |
|
|
|a BUS
|d vLex
|
| 090 |
|
|
|c 58
|d 58
|
| 100 |
1 |
|
|a Bastidas Yffert, Mara̕ Teresa
|
| 245 |
1 |
3 |
|a La firma y la factura electrn̤icas
|h [Recurso electrn̤ico]
|c Mara̕ Teresa Bastidas Yffert (coord.), Jorge Novoa Franco (coord.)
|
| 256 |
|
|
|a Servicio en ln̕ea
|
| 260 |
|
|
|a [Mx̌ico] :
|b Instituto Mexicano de Contadores Pb︢licos,
|c 2004
|
| 506 |
1 |
|
|a Contenido solo disponible en los productos indicados
|d vLex Global
|d vLex Global (Academic Edition, excluding Law Schools)
|d vLex Global (U.S. Academic Edition, Law Schools)
|d vLex Global (U.S. Academic Edition, excluding Law Schools)
|d vLex Global (Academic Edition, Law Schools)
|
| 650 |
0 |
7 |
|a Contratacin̤ electrn̤ica
|2 Tesauro vLex
|
| 650 |
0 |
7 |
|a Firma
|2 Tesauro vLex
|
| 650 |
0 |
7 |
|a Facturas
|2 Tesauro vLex
|
| 700 |
1 |
|
|a Novoa Franco, Jorge
|
| 740 |
0 |
|
|a vLex Libros (Servicios en ln̕ea)
|
| 856 |
4 |
0 |
|u http://vlex.com/source/5282
|z Acceso restringido
|
| 942 |
|
|
|c BOOK
|
| 999 |
0 |
|
|a Electronic contract
|b Mx̌ico
|